My father's keeper: the children of the Nazi leaders-an intimate history of dameg adn denial (Record no. 15948)

MARC details
000 -LEADER
fixed length control field 00463nam a2200169Ia 4500
005 - DATE AND TIME OF LATEST TRANSACTION
control field 20260427102037.0
008 - FIXED-LENGTH DATA ELEMENTS--GENERAL INFORMATION
fixed length control field 231207s9999 xx 000 0 und d
020 ## - INTERNATIONAL STANDARD BOOK NUMBER
International Standard Book Number 9780349114576
040 ## - CATALOGING SOURCE
Transcribing agency PK-LaNCA
082 ## - DEWEY DECIMAL CLASSIFICATION NUMBER
Classification number 080
Item number LEB
100 ## - MAIN ENTRY--PERSONAL NAME
Author Name Lebert, Stephen
245 #0 - TITLE STATEMENT
Title My father's keeper: the children of the Nazi leaders-an intimate history of dameg adn denial
260 ## - PUBLICATION, DISTRIBUTION, ETC.
Name of publisher, distributor, etc. Abacus
Place of publication, distribution, etc. London
Date of publication, distribution, etc. 2001
300 ## - PHYSICAL DESCRIPTION
Pages 243p
650 ## - SUBJECT ADDED ENTRY--TOPICAL TERM
Subject Interviews
942 ## - ADDED ENTRY ELEMENTS (KOHA)
Koha item type Book
999 ## -
-- 15948
-- 15948
Holdings
Withdrawn status Weedout from Library Permanent Location Current Location Shelving location Date acquired Full call number Barcode Price effective from Koha item type
    NATIONAL COLLEGE OF ARTS, LAHORE - LIBRARY NATIONAL COLLEGE OF ARTS, LAHORE - LIBRARY General Section Library Basement 08/12/2023 080 LEB 20070 20070 08/12/2023 Book